000 00752nam a22002537a 4500
003 OSt
005 20150518151652.0
008 130803t xxu||||| |||| 00| 0 eng d
020 _a9812657304
050 _aR 724
_b.Ed23 2006
100 _aEdge, Raymond S.
245 _aEthics of health care :
_ba guide for clinical practice /
_cRaymond S. Edge; John Randall Groves.
250 _a3rd ed.
260 _aSingapore :
_bThomson Delamar Learning,
_c2006.
300 _axvii, 398 pages :
_billustrations ;
_c23 cm.
500 _aIncludes glossary and index.
521 _aNursing
562 _e1
650 _aHeath care
_xEthics.
650 _aHealth care.
700 _aGroves, John Randall.
942 _2lcc
_cBK
_kFOR
999 _c284011
_d284011